| 000 | 00336nam a2200145Ia 4500 | ||
|---|---|---|---|
| 008 | 180921t xxu||||| |||| 00| 0 eng d | ||
| 041 | _aeng | ||
| 080 |
_a581 _bHER |
||
| 245 | 4 | _aThe hersall transplanter | |
| 300 | _a12p., 19 cm | ||
| 650 |
_aPlant _aFigures |
||
| 942 | _cBK | ||
| 999 |
_c18773 _d18773 |
||
| 003 | LK-CoDNM | ||
| 040 |
_aLK-CoDNM _dLK-CoDNM _eLK-CoDNM |
||